[Event "Nezhmetdinov Memorial 31st"]
[Site "Kazan"]
[Date "2009.06.03"]
[Round "4"]
[White "Tumakov, Dmitry"]
[Black "Denisov, Ivan"]
[Result "0-1"]
[WhiteElo "2312"]
[BlackElo "2189"]
[PlyCount "78"]
[EventDate "2009.05.31"]
[EventType "swiss"]
[EventRounds "9"]
[EventCountry "RUS"]
[SourceTitle "CBM 130 Extra"]
[Source "ChessBase"]
[SourceDate "2009.07.02"]
[SourceVersion "2"]
[SourceVersionDate "2009.07.15"]
[SourceQuality "1"]

1. d4 e6 2. Nf3 Nf6 3. Bg5 c5 4. Nc3 h6 5. Bxf6 Qxf6 6. d5 d6 7. e4 a6 8. Be2 e5 9. 0-0 Be7 10. Nd2 h5 11. Nc4 Nd7 12. a4 g5 13. a5 Qg6 14. Rb1 g4 15. Bd3 h4 16. b4 g3 17. h3 cxb4 18. Rxb4 gxf2+ 19. Rxf2 Rh5 20. Ne3 Nf6 21. Nf5 Rg5 22. Rb6 Nh5 23. Nxh4 Qh7 24. Nf5 Nf4 25. Rxf4 exf4 26. Qf3 Bxf5 27. exf5 Rg3 28. Qxf4 Qxh3 29. Qe4 Kf8 30. Nd1 Bf6 31. Nf2 Qh6 32. Bf1 Re8 33. Qb4 Be5 34. Ng4 Rxg4 35. Qxg4 Bh2+ 36. Kh1 Re1 37. Qh3 Rxf1+ 38. Kxh2 Qf4+ 39. g3 Qd2+ 0-1

[Event "Nezhmetdinov Memorial 31st"]
[Site "Kazan"]
[Date "2009.06.02"]
[Round "3"]
[White "Vasenev, Sergey"]
[Black "Tumakov, Dmitry"]
[Result "1/2-1/2"]
[WhiteElo "2283"]
[BlackElo "2312"]
[PlyCount "51"]
[EventDate "2009.05.31"]
[EventType "swiss"]
[EventRounds "9"]
[EventCountry "RUS"]
[SourceTitle "CBM 130 Extra"]
[Source "ChessBase"]
[SourceDate "2009.07.02"]
[SourceVersion "2"]
[SourceVersionDate "2009.07.15"]
[SourceQuality "1"]

1. d4 Nf6 2. c4 g6 3. Nc3 Bg7 4. e4 d6 5. Be2 0-0 6. h4 h5 7. Bg5 c5 8. dxc5 Qa5 9. Qd2 dxc5 10. Bxf6 Bxf6 11. g4 Rd8 12. Qe3 Bxg4 13. Bxg4 hxg4 14. h5 Nc6 15. hxg6 fxg6 16. Nge2 Ne5 17. Kf1 Rd3 18. Qh6 Kf7 19. Kg2 Rh8 20. Qf4 Rf3 21. Qd2 Nd3 22. Rxh8 Bxh8 23. Rf1 Qb4 24. Qg5 Qxc4 25. Qxg4 Ne5 26. Qc8 1/2-1/2

[Event "Nezhmetdinov Memorial 31st"]
[Site "Kazan"]
[Date "2009.06.01"]
[Round "2"]
[White "Tumakov, Dmitry"]
[Black "Makhmutov, Rail"]
[Result "1/2-1/2"]
[WhiteElo "2312"]
[BlackElo "1906"]
[PlyCount "134"]
[EventDate "2009.05.31"]
[EventType "swiss"]
[EventRounds "9"]
[EventCountry "RUS"]
[SourceTitle "CBM 130 Extra"]
[Source "ChessBase"]
[SourceDate "2009.07.02"]
[SourceVersion "2"]
[SourceVersionDate "2009.07.15"]
[SourceQuality "1"]

1. d4 Nf6 2. Nc3 d5 3. Bg5 Nbd7 4. Nf3 e6 5. e3 Be7 6. Ne5 Nxe5 7. dxe5 Nd7 8. Bxe7 Qxe7 9. f4 b6 10. Qg4 f6 11. Bd3 Bb7 12. Qh5+ Qf7 13. Qxf7+ Kxf7 14. exf6 gxf6 15. Nb5 Rhc8 16. 0-0-0 a6 17. Nd4 c5 18. Nf3 h6 19. Rhg1 Rg8 20. Be2 Ke7 21. g4 Rg7 22. Nh4 b5 23. f5 e5 24. Ng6+ Kd6 25. Bf3 Nb6 26. Rg3 Kc7 27. Rh3 Rh7 28. Rh5 Rd8 29. h4 Nc4 30. Re1 Nd6 31. g5 e4 32. Bg4 Bc8 33. Rxh6 Rf7 34. Nf4 fxg5 35. Nxd5+ Kc6 36. Nc3 gxh4 37. Nxe4 Bxf5 38. Bxf5 Rxf5 39. Rd1 Rd5 40. Rxd5 Kxd5 41. Nc3+ Kc6 42. Rxh4 Nc4 43. Rh6+ Rd6 44. Rxd6+ Kxd6 45. Nd1 a5 46. b3 Nb6 47. Kd2 c4 48. e4 Kc5 49. Ke3 cxb3 50. cxb3 a4 51. bxa4 bxa4 52. Kd3 Nd7 53. Kc3 Ne5 54. Nb2 Kb5 55. a3 Nf3 56. Nd3 Ng5 57. Nf2 Nf3 58. Ng4 Ng5 59. Nf6 Kc5 60. Kd3 Nf3 61. Ng4 Ne1+ 62. Kc3 Nf3 63. Nf2 Ng5 64. Nd3+ Kb5 65. e5 Ne6 66. Nb4 Kc5 67. Kd3 Ng5 1/2-1/2

[Event "Privolzhskogo FO-ch"]
[Site "Kazan"]
[Date "2009.01.29"]
[Round "9"]
[White "Tumakov, Dmitry"]
[Black "Ostanin, Vadim"]
[Result "0-1"]
[WhiteElo "2368"]
[BlackElo "2224"]
[PlyCount "68"]
[EventDate "2009.01.21"]
[EventType "swiss"]
[EventRounds "9"]
[EventCountry "RUS"]
[SourceTitle "EXT 2010"]
[Source "ChessBase"]
[SourceDate "2010.11.25"]
[SourceVersion "1"]
[SourceVersionDate "2010.11.25"]
[SourceQuality "1"]

1. d4 Nf6 2. Nf3 g6 3. Nc3 Bg7 4. e4 d6 5. Bg5 h6 6. Bf4 0-0 7. Qd2 Kh7 8. h4 Nh5 9. Bh2 c6 10. Bd3 Bg4 11. Ng1 e5 12. f3 Be6 13. d5 cxd5 14. exd5 Bd7 15. 0-0-0 f5 16. Nge2 Na6 17. g4 fxg4 18. fxg4 Bxg4 19. Bxg6+ Kxg6 20. Rdg1 Nf6 21. Qd3+ Kf7 22. Rxg4 Nxg4 23. Qf5+ Nf6 24. Qe6+ Kg6 25. Ne4 Nc7 26. Rg1+ Kh7 27. Qf5+ Kh8 28. Qg6 Nce8 29. N2g3 Qd7 30. Nf5 Nxe4 31. Nxg7 Nxg7 32. Qxe4 Qf5 33. Qe3 Kh7 34. Qg3 Nh5 0-1

[Event "Tatarstan-ch op"]
[Site "Kazan"]
[Date "2008.08.29"]
[Round "9"]
[White "Isajevsky, Anton"]
[Black "Tumakov, Dmitry"]
[Result "0-1"]
[WhiteElo "2440"]
[BlackElo "2312"]
[PlyCount "50"]
[EventDate "2008.08.21"]
[EventType "swiss"]
[EventRounds "9"]
[EventCountry "RUS"]
[SourceTitle "EXT 2010"]
[Source "ChessBase"]
[SourceDate "2010.11.25"]
[SourceVersion "1"]
[SourceVersionDate "2010.11.25"]
[SourceQuality "1"]

1. b3 d5 2. Bb2 Nc6 3. Nf3 Nf6 4. e3 Bg4 5. h3 Bh5 6. d3 e6 7. g4 Bg6 8. Nh4 d4 9. exd4 Nxd4 10. Bg2 Qd6 11. Nd2 0-0-0 12. Nc4 Qc5 13. c3 Nc2+ 14. Qxc2 Bxd3 15. Qc1 Bxc4 16. bxc4 Qxc4 17. Qe3 Bc5 18. Qe2 Qf4 19. Bc1 Qa4 20. Bf3 Nd5 21. 0-0 Nxc3 22. Qe5 Bd4 23. Qg3 Ne2+ 24. Bxe2 Bxa1 25. Be3 Qxa2 0-1

[Event "Tatarstan-ch op"]
[Site "Kazan"]
[Date "2008.08.28"]
[Round "8"]
[White "Tumakov, Dmitry"]
[Black "Fedotov, Ivan"]
[Result "1-0"]
[WhiteElo "2312"]
[BlackElo "1979"]
[PlyCount "51"]
[EventDate "2008.08.21"]
[EventType "swiss"]
[EventRounds "9"]
[EventCountry "RUS"]
[SourceTitle "EXT 2010"]
[Source "ChessBase"]
[SourceDate "2010.11.25"]
[SourceVersion "1"]
[SourceVersionDate "2010.11.25"]
[SourceQuality "1"]

1. d4 Nf6 2. Nc3 d5 3. Bg5 Nbd7 4. Qd2 e6 5. 0-0-0 Be7 6. f3 0-0 7. e4 dxe4 8. fxe4 c5 9. Nf3 cxd4 10. Qxd4 Bc5 11. Qc4 Qa5 12. e5 Nb6 13. Qh4 Nfd5 14. Bd3 h6 15. Bd2 Bb4 16. Nxd5 Nxd5 17. c3 Be7 18. Qe4 f5 19. exf6 Nxf6 20. Qg6 Qh5 21. Qg3 Qg4 22. Qe1 Nd7 23. h3 Qxg2 24. Qxe6+ Rf7 25. Bc4 Qxf3 26. Rhf1 1-0

[Event "Tatarstan-ch op"]
[Site "Kazan"]
[Date "2008.08.27"]
[Round "7"]
[White "Lyanguzov, Oleg"]
[Black "Tumakov, Dmitry"]
[Result "1/2-1/2"]
[WhiteElo "2318"]
[BlackElo "2312"]
[PlyCount "102"]
[EventDate "2008.08.21"]
[EventType "swiss"]
[EventRounds "9"]
[EventCountry "RUS"]
[SourceTitle "EXT 2010"]
[Source "ChessBase"]
[SourceDate "2010.11.25"]
[SourceVersion "1"]
[SourceVersionDate "2010.11.25"]
[SourceQuality "1"]

1. c4 g6 2. Nf3 Bg7 3. g3 e5 4. Nc3 Nc6 5. Bg2 f5 6. d3 Nf6 7. 0-0 0-0 8. Rb1 a5 9. a3 d6 10. b4 axb4 11. axb4 h6 12. b5 Ne7 13. c5 Be6 14. cxd6 cxd6 15. Bb2 Qb6 16. e4 fxe4 17. dxe4 Bc4 18. Re1 Rfd8 19. Bf1 Be6 20. h3 d5 21. exd5 Nexd5 22. Qc2 Bf5 23. Nxd5 Rxd5 24. Qb3 Kh7 25. Rbc1 Rad8 26. Qe3 Qxe3 27. Rxe3 e4 28. Rc7 R8d7 29. Rxd7 Bxd7 30. Bxf6 Bxf6 31. Rxe4 Bxb5 32. Bg2 Bc6 33. Re6 Rd1+ 34. Kh2 Kg7 35. Ne5 Bxg2 36. Kxg2 Re1 37. f4 b5 38. Kf2 Rb1 39. Rb6 b4 40. Rb7+ Kg8 41. Rb6 Bxe5 42. fxe5 Kf7 43. g4 b3 44. Kg2 b2 45. e6+ Ke7 46. Kh2 Kf6 47. Kg2 Kg5 48. e7 Re1 49. Rxb2 Rxe7 50. Rb6 Re3 51. h4+ Kxh4 1/2-1/2

[Event "Tatarstan-ch op"]
[Site "Kazan"]
[Date "2008.08.26"]
[Round "6"]
[White "Tumakov, Dmitry"]
[Black "Alyautdinov, Rushan"]
[Result "1-0"]
[WhiteElo "2312"]
[BlackElo "2181"]
[PlyCount "119"]
[EventDate "2008.08.21"]
[EventType "swiss"]
[EventRounds "9"]
[EventCountry "RUS"]
[SourceTitle "EXT 2010"]
[Source "ChessBase"]
[SourceDate "2010.11.25"]
[SourceVersion "1"]
[SourceVersionDate "2010.11.25"]
[SourceQuality "1"]

1. d4 c5 2. d5 e5 3. dxe6 fxe6 4. e4 Nc6 5. Nc3 Nf6 6. Bg5 Be7 7. Nf3 d6 8. Qd2 0-0 9. Bc4 Ne8 10. Bf4 Kh8 11. 0-0 Nc7 12. Bg3 e5 13. Nd5 Nxd5 14. Bxd5 Bg4 15. Ne1 Bg5 16. f4 Nd4 17. Bc4 exf4 18. Bxf4 Rxf4 19. Rxf4 b5 20. Bf1 Ne6 21. g3 Bxf4 22. gxf4 Qf6 23. Nd3 Nd4 24. Bg2 Bf3 25. c3 Bxg2 26. Qxg2 Nc6 27. e5 dxe5 28. fxe5 Qh6 29. Re1 c4 30. Nb4 Rc8 31. Nxc6 Qxc6 32. Qxc6 Rxc6 33. Kg2 Kg8 34. Kf3 Kf7 35. Ke4 Ke6 36. Rd1 Ra6 37. a3 Rb6 38. Rd5 a6 39. Rd8 Rc6 40. Kd4 Ke7 41. Ra8 Ke6 42. Ra7 Rc8 43. Rxa6+ Kf5 44. Kd5 Rd8+ 45. Rd6 Re8 46. e6 g5 47. Kc6 Kf6 48. Kxb5 Rb8+ 49. Rb6 Rc8 50. a4 h5 51. a5 g4 52. a6 h4 53. a7 Ra8 54. Ka6 g3 55. hxg3 hxg3 56. e7+ Kf7 57. Rb8 Kxe7 58. Rxa8 Kf7 59. Rg8 Kxg8 60. a8Q+ 1-0

[Event "Tatarstan-ch op"]
[Site "Kazan"]
[Date "2008.08.24"]
[Round "4"]
[White "Tumakov, Dmitry"]
[Black "Sharafiev, Azat"]
[Result "1/2-1/2"]
[WhiteElo "2312"]
[BlackElo "2418"]
[PlyCount "58"]
[EventDate "2008.08.21"]
[EventType "swiss"]
[EventRounds "9"]
[EventCountry "RUS"]
[SourceTitle "EXT 2010"]
[Source "ChessBase"]
[SourceDate "2010.11.25"]
[SourceVersion "1"]
[SourceVersionDate "2010.11.25"]
[SourceQuality "1"]

1. d4 d5 2. Nf3 Nf6 3. c4 e6 4. Bg5 Bb4+ 5. Nbd2 dxc4 6. Qa4+ Nc6 7. 0-0-0 a6 8. Ne5 b5 9. Nxc6 Bxd2+ 10. Rxd2 Qd5 11. Qa3 Qxc6 12. e4 Qxe4 13. Bxf6 gxf6 14. Be2 Qf4 15. Bf3 Rb8 16. d5 b4 17. Qa4+ Bd7 18. Qc2 0-0 19. Re1 f5 20. Re3 b3 21. axb3 cxb3 22. Qc3 e5 23. Qxe5 Qxe5 24. Rxe5 Rb5 25. Bd1 a5 26. Kb1 a4 27. Rd4 Be6 28. f4 Bd7 29. Rxa4 Rxd5 1/2-1/2

[Event "Kostroma Volga Cup op"]
[Site "Kostroma"]
[Date "2008.07.??"]
[Round "6"]
[White "Ganichev, Alexander"]
[Black "Tumakov, Dmitry"]
[Result "0-1"]
[WhiteElo "2154"]
[BlackElo "2312"]
[PlyCount "76"]
[EventDate "2008.07.??"]
[EventType "swiss"]
[EventRounds "9"]
[EventCountry "RUS"]
[SourceTitle "EXT 2009"]
[Source "ChessBase"]
[SourceDate "2008.11.26"]
[SourceVersion "1"]
[SourceVersionDate "2008.11.26"]
[SourceQuality "1"]

1. e4 c5 2. Nf3 Nc6 3. d4 cxd4 4. Nxd4 e5 5. Nb5 d6 6. N1c3 a6 7. Na3 b5 8. Nd5 Nf6 9. Bg5 Be7 10. Nxe7 Nxe7 11. Bxf6 gxf6 12. Qd2 Bb7 13. 0-0-0 Bxe4 14. Qxd6 Qxd6 15. Rxd6 Nc6 16. f3 Ke7 17. Rd1 Bg6 18. Bd3 Rac8 19. Kb1 Rhd8 20. Bxg6 fxg6 21. c3 b4 22. cxb4 Nxb4 23. Rxd8 Rxd8 24. Nc2 Nd5 25. g3 Nb6 26. Nb4 Rd2 27. Nxa6 Na4 28. Ka1 Nxb2 29. Nc5 f5 30. h4 Kd6 31. Nb3 Rf2 32. f4 e4 33. h5 e3 34. hxg6 hxg6 35. Re1 Nc4 36. Kb1 Kd5 37. Na1 Na3+ 38. Kc1 Ke4 0-1

[Event "Kostroma Volga Cup op"]
[Site "Kostroma"]
[Date "2008.07.??"]
[Round "8"]
[White "Smirnov, Alexander1"]
[Black "Tumakov, Dmitry"]
[Result "0-1"]
[WhiteElo "2206"]
[BlackElo "2312"]
[PlyCount "70"]
[EventDate "2008.07.??"]
[EventType "swiss"]
[EventRounds "9"]
[EventCountry "RUS"]
[SourceTitle "EXT 2009"]
[Source "ChessBase"]
[SourceDate "2008.11.26"]
[SourceVersion "1"]
[SourceVersionDate "2008.11.26"]
[SourceQuality "1"]

1. d4 Nf6 2. Nf3 c5 3. e3 g6 4. Be2 Bg7 5. 0-0 b6 6. c4 0-0 7. Nc3 d6 8. d5 e5 9. dxe6 fxe6 10. Ng5 a6 11. e4 Nc6 12. Nf3 Qc7 13. Bg5 Bb7 14. Bh4 Nd4 15. e5 dxe5 16. Bg3 Nh5 17. Nxd4 cxd4 18. Bxh5 dxc3 19. Bg4 Qc6 20. f3 cxb2 21. Rb1 e4 22. Qe2 h5 23. Bh3 exf3 24. gxf3 Rae8 25. Bg2 Kh7 26. Rfe1 Bc3 27. Red1 Rd8 28. Bh4 Rxd1+ 29. Rxd1 b5 30. cxb5 Qxb5 31. Qc2 Bg7 32. a4 Qc6 33. Qb3 Qc1 34. Bf2 Bd5 35. Qd3 Qc4 0-1

[Event "Kostroma Volga Cup op"]
[Site "Kostroma"]
[Date "2008.07.??"]
[Round "1"]
[White "Tumakov, Dmitry"]
[Black "Dementiev, Oleg I"]
[Result "1-0"]
[WhiteElo "2312"]
[BlackElo "1991"]
[PlyCount "44"]
[EventDate "2008.07.??"]
[EventType "swiss"]
[EventRounds "9"]
[EventCountry "RUS"]
[SourceTitle "EXT 2009"]
[Source "ChessBase"]
[SourceDate "2008.11.26"]
[SourceVersion "1"]
[SourceVersionDate "2008.11.26"]
[SourceQuality "1"]

1. d4 d5 2. Nc3 Nf6 3. Bg5 Bf5 4. Nf3 Nbd7 5. e3 e6 6. Ne5 Be7 7. g4 Nxe5 8. gxf5 Ned7 9. fxe6 fxe6 10. Bh3 Nf8 11. Qe2 a6 12. 0-0-0 Qd6 13. Bxf6 gxf6 14. e4 dxe4 15. Qxe4 0-0-0 16. d5 f5 17. Qe3 e5 18. Bxf5+ Kb8 19. Ne4 Qb4 20. a3 Qa5 21. b4 Qa4 22. Kb2 Nd7 1-0

[Event "Kostroma Volga Cup op"]
[Site "Kostroma"]
[Date "2008.07.??"]
[Round "4"]
[White "Zabotin, Alexander"]
[Black "Tumakov, Dmitry"]
[Result "1-0"]
[WhiteElo "2491"]
[BlackElo "2312"]
[PlyCount "93"]
[EventDate "2008.07.??"]
[EventType "swiss"]
[EventRounds "9"]
[EventCountry "RUS"]
[SourceTitle "EXT 2009"]
[Source "ChessBase"]
[SourceDate "2008.11.26"]
[SourceVersion "1"]
[SourceVersionDate "2008.11.26"]
[SourceQuality "1"]

1. d4 Nf6 2. c4 g6 3. Nc3 Bg7 4. e4 d6 5. Nf3 0-0 6. Be2 Nbd7 7. 0-0 e5 8. Re1 Re8 9. Bf1 exd4 10. Nxd4 Nc5 11. f3 Ne6 12. Be3 Nxd4 13. Bxd4 Be6 14. Qd2 Nd7 15. Bxg7 Kxg7 16. f4 f5 17. exf5 Bxf5 18. Rxe8 Qxe8 19. Re1 Qd8 20. Nd5 c6 21. Qd4+ Kg8 22. Ne7+ Kf7 23. Nxf5 gxf5 24. Qxd6 Nf6 25. Qe6+ Kg6 26. Kh1 Qe8 27. Qxe8+ Rxe8 28. Rxe8 Nxe8 29. Kg1 c5 30. Bd3 h5 31. g3 b6 32. Kg2 Ng7 33. Kh3 Ne6 34. Be2 Ng7 35. Kh4 Kh6 36. h3 Kg6 37. a3 Kh6 38. Bd3 a6 39. Be2 Kg6 40. Bf3 Kh6 41. Bb7 a5 42. Bf3 Kg6 43. Bd1 Kh6 44. Bc2 Kg6 45. g4 hxg4 46. hxg4 Kf6 47. Bxf5 1-0